Ballermann Hits Lyrics - Statistiken

Allgemein
  • Dieses Quiz wurde 897 mal gespielt
  • Das Durchschnittsergebnis liegt bei 8 aus 16
Antwortstatistiken
Hint Antwort % Korrekt
Das sind ___ __ ___, auf Amadeus und Sabrina. Bibi und Tina
91%
Da hat das ____ ____ sich einfach umgekehrt - Und hat mit seinem Schwanz die Fliege abgewehrt rote Pferd
84%
Komm, hol das Lasso raus - Wir spielen ______ ___ ______. Cowboy und Indianer
82%
F**k, ich bin schon wieder blau wie der Ozean und ich glaub' dass ich fliegen kann wie ____ __. Peter Pan
82%
Mach den Hub Hub Hub - Mach den Schrauber, Schrauber, Schrauber - Mach den ______ __ Helikopter 117
79%
Hier spricht der ________ - Darf ich bitte mal die Bierbäuche sehen? Bierkapitän
75%
Kann ich so nicht sagen, ____ __ ____ _____. Leider zu viel an. müsst ich nackt sehn
50%
Das sind nicht __ _____, nie im Leben kleiner Peter. 20 Zentimeter
49%
____ ____, ____ ____, wir feiern richtig hart ich bin ein Sauf-Automat. saufi
42%
Wir sind alle ______ __ _______, trinken ist auch Sport, trinken ist auch Sport. durchtrainiert und athletisch
36%
Yippie Yippie Yeah Yippie Yeah, _____ und _____ _____! Krawall Remmi Demmi
24%
Der ___, der ___, der ___ hat keine _____. Zug Bremsen
22%
Hüpfen, hüpfen, hüpfen bis __ ____ _____ die Insel wackelt
20%
Wir brauchen endlich mal ein Lied ohne _____, wir brauchen endlich mal ein Lied ohne ___. Wir brauchen endlich mal ein Lied ohne _____, endlich mal ein Lied mit gutem ____. saufen Sex Drogen Text
10%
Alles egal! 100m _______, mach die nächste Flasche auf. Staffelsauf
10%
Vic Vic Vic - _____ ______ - Vic Vic Vic - Mit dir tanz ich besoffski Victoria Swarovski
8%
Keine übereinstimmenden Quizze gefunden
Verteilung der Resultate
Anzahl Personen mit jedem Resultat
Perzentil nach korrekt beantworteten Fragen
Ihre Resultats-Entwicklung
Sie haben dieses Quiz noch nicht gespielt